Capitales avec un nom composé - Statistiques

Statistiques générales
  • Ce quiz a été pris 66 fois
    45 depuis la dernière actualisation
  • Le résultat moyen est 20 sur 31
Statistiques - réponses
Pays Capitale % Correct
Malte La Valette
88%
Afrique du Sud Le Cap
84%
Cuba La Havane
81%
Saint-Marin Saint-Marin
81%
Costa Rica San Jose
81%
Andorre Andorre-La-Vieille
78%
Égypte Le Caire
78%
Émirats arabes unis Abou Dabi
75%
Argentine Buenos Aires
75%
Guinée-Équatoriale Ciudad de La Paz
75%
Bolivie La Paz
75%
Inde New Delhi
75%
Maurice Port-Louis
75%
République Dominicaine Saint-Domingue
75%
Haïti Port-au-Prince
72%
Malaisie Kuala Lumpur
69%
Mongolie Oulan-Bator
69%
Bénin Porto-Novo
69%
Sao Tomé et Principe Sao Tomé
66%
Éthiopie Addis-Abeba
63%
Trinité-et-Tobago Port-d'Espagne
59%
Vanuatu Port-Vila
59%
Antigua-et-Barbuda Saint John's
59%
Cambodge Phnom Penh
56%
Papouasie Nouvelle-Guinée Port Moresby
56%
Grenade Saint-Georges
53%
Salvador San Salvador
50%
Sri Lanka Sri Jayawardenapura Kotte
50%
Brunei Bandar Seri Begawan
47%
Kiribati Tarawa-Sud
31%
Îles Marshall Delap-Uliga-Darrit
13%
Aucun quiz correspondant
Distribution des résultats
% des personnes avec chaque résultat
Percentile par nombre de réponses
Votre historique - résultats
Vous n’avez pas pris ce quiz depuis la dernière actualisation